00533nam a2200169 u 450000100100000000500170001000800410002704000250006808200170009310000180011024500260012826000680015430000270022249000390024950400350028883000400032300002071020200930011141.0100813s1996 dr a r 001 0 spa d aDO-SdBNPbspacBPJMD axxxxxbO 4951 aOlivo, Emilio00aAgricultura de patio. aSanto Domingo :bFundación de Desarrollo agropecuario,c1996. a28 p. :bil. ;c28 cm.1 aGuía técnicavno. 29acultivos aIncluye bibliografía (p. 28) 0aGuía Técnicasvno. 29pcultivos